01002cam a2200265 a 450000100060000000300080000600500170001400800410003103500390007203500170011104000340012804100080016208200230017010000340019324500630022726000760029030000220036650400570038865000510044565100380049665500360053494200120057099900170058295201370059921108BD-RjUL20211209000641.0140303r19531943nyu b 000 1 eng d a(OCoLC)ocm57236000a(BD-RjUL)21172 a(NNC)5412003 aDLCcDLCdBAKERdBD-RjULbeng aeng00a823.912bGRM 19531 aGreene, Graham,d1904-96523114aThe ministry of fear :ban entertainment /cGraham Greene  aNew York ;aLondon :bWilliam Heinemann Ltd.,c1943 [Reprinted 1953]. a268 p. :c20 cm. aIncludes bibliographical references (p. [xiii]-xiv). 0aWorld War, 1939-1945vEnglandvFiction.965233 0aLondon (England)vFiction.961190 7aSuspense fiction.2gsafd965234 2ddccBK c21108d21108 00102ddc40728FICaRUCLbRUCLcReadingd1957-11-16eO.U.P.g6.00l0o823.912 GRM 1953r2014-03-03 00:00:00tC-1w2014-03-03yBK